| 000 | 00557nam a22001577a 4500 | ||
|---|---|---|---|
| 003 | NUST | ||
| 082 | _a670 | ||
| 100 |
_a Javaid ,Hammad Ahmed _9122333 |
||
| 245 |
_aFE Simulation of turning/metal cutting with multi-coated tools / _cHammad Ahmed Javaid |
||
| 264 |
_aIslamabad: _bSMME- NUST. _c2021. |
||
| 300 |
_a67p. ; _bSoft Copy, _c30cm. |
||
| 650 |
_aMS Design and Manufacturing Engineering _9119567 |
||
| 700 |
_aSupervisor : Dr. Syed Husain Imran _9122298 |
||
| 856 | _uhttp://10.250.8.41:8080/xmlui/handle/123456789/25052 | ||
| 942 |
_2ddc _cTHE |
||
| 999 |
_c608839 _d608839 |
||